000 00900nam a2200253 a 4500
003 DO-SdBNP
005 20240404094740.0
007 ta
008 220706e2021 dr ab||gr|||| 001 0dspa d
020 _a9789945097580
040 _aDO-SdBNP
_bspa
_cBNPHU
082 4 _222
_bC957r
100 1 _aCruz Sánchez, Filiberto
_913112
245 1 3 _aLa revolución de Saint Domingue, 1789- 1804. /
_cFiliberto Cruz Sánchez
260 _a[Santo Domingo] :
_bEl Nuevo Diario,
_c2021.
300 _a35 p. :
_bil., fotrogr., mapa ;
_c20 cm.
500 _aIncluye datos biográficos del autor en la contraportada.
500 _aImagen de la portada: Batalle de Vertieres, 18 de noviembre de 1803.
590 _aInventariado 2022 / MF
650 4 _943922
_aHaití
_vRevolución
_xHistoria
_y1789- 1804
650 4 _97306
_aHaití
_xHistoria
_xTerritorio ocupado
_y1789- 1804
910 _aMFeliz
942 _2ddc
_cLF2
999 _c52154
_d52154